Innovative Strategies Of Management In the Globalized Era - 2019; (Record no. 190101)

MARC details
000 -LEADER
fixed length control field 00772nam a22002417a 4500
005 - DATE AND TIME OF LATEST TRANSACTION
control field 20220718153432.0
010 ## - LCCN (DPL NO)
LC control number ENG-133637
020 ## - INTERNATIONAL STANDARD BOOK NUMBER
International Standard Book Number 9789388398671
035 ## - SYSTEM CONTROL NUMBER
System control number EN-117169
037 ## - SOURCE OF ACQUISITION
Source of stock number/acquisition DBAD/PUB
082 ## - DEWEY DECIMAL CLASSIFICATION NUMBER
Classification number 658.4063
100 ## - MAIN ENTRY--PERSONAL NAME
Personal name Kannadas, P
245 ## - TITLE STATEMENT
Title Innovative Strategies Of Management In the Globalized Era - 2019;
Remainder of title Innternational Conference Proceeding/
Statement of responsibility, etc ed. by P. Kannadas[et al...]
260 ## - PUBLICATION, DISTRIBUTION, ETC. (IMPRINT)
Place of publication, distribution, etc Tamil Nadu
Name of publisher, distributor, etc Shanlax Publication
Date of publication, distribution, etc 2019
270 ## - ADDRESS
Address 61, 66 T.P.K. Main Road, Vasantha Nagar,
City Madurai
Postal code 625003
300 ## - PHYSICAL DESCRIPTION
Extent 418p.
Dimensions 24cm(pbk)
700 ## - ADDED ENTRY--PERSONAL NAME
Personal name P. Kannadas
700 ## - ADDED ENTRY--PERSONAL NAME
Personal name K. Chandrasekaran
700 ## - ADDED ENTRY--PERSONAL NAME
Personal name D. Deepa
710 ## - ADDED ENTRY--CORPORATE NAME
Corporate name or jurisdiction name as entry element M. Palanivel Rajan
711 ## - ADDED ENTRY--MEETING NAME
Meeting name or jurisdiction name as entry element M. Premkumar
942 ## - ADDED ENTRY ELEMENTS (KOHA)
Source of classification or shelving scheme Dewey Decimal Classification
Item type English Books
Classification part 658.4063
Call number suffix INN
Holdings
Withdrawn status Lost status Not for loan Collection code Home library Current library Date acquired Source of acquisition Cost, normal purchase price Full call number Barcode Copy number Cost, replacement price Koha item type
      Non-fiction Bawana Bawana 18/07/2022 DBAD/PUB 350.00 658.4063 INN EN-117169 1 350.00 English Books

© Delhi Public Library
Hit Counter
free hit counter